000 00607nam a2200241Ia 4500
003 OSt
005 20220918174013.0
006 a|||||r|||| 00| 0
007 ta
008 220917b |||||||| |||| 00| 0 eng d
024 _a9,724
037 _cTextual
040 _aARTS
_cARTS
_beng
041 _2eng
_aeng
082 _a24(Z), M0 (2D)
100 _aBlunt Adrian
_922172
245 0 _aLaw librarianship
260 _aN.York
_bK G Saur
_c1980
300 _a126p
_ccm.
650 _aLIBRARY SCIENCE
942 _h24(Z), M0 (2D)
_cTEXL
_2CC
999 _c151361
_d151361